| 000 | 00994nas a22002657a 4500 | ||
|---|---|---|---|
| 003 | OSt | ||
| 005 | 20151125121533.0 | ||
| 008 | 130704c1998 sp b|||| |||| 00| 0 spa d | ||
| 022 | _a1386-6710 | ||
| 040 |
_cCDMR _bcat |
||
| 240 | _aProfesional de la información | ||
| 245 | 0 | 3 | _aEl Profesional de la información |
| 246 | _aEPI | ||
| 260 |
_aBarcelona _bSwets & Zeitlinger _c1998- |
||
| 300 |
_av. _ccm. |
||
| 310 | _aBimestral | ||
| 362 | _aVol. 7, núm. 1-2 (gen. 1998) - | ||
| 500 | _aContinua la numeració de: Information world en español | ||
| 650 | 0 | 4 |
_94578 _aComunicació en biblioteconomia |
| 650 | 0 | 4 |
_94579 _aComunicació en ciències de la informació |
| 740 | _a Information world en español | ||
| 856 | 4 | 0 |
_uhttp://www.elprofesionaldelainformacion.com/contenidos.html _yDisponible en línia _z(últims 3 anys restringits a subscriptors) |
| 856 | 4 | 0 |
_uhttp://dialnet.unirioja.es/servlet/revista?codigo=469 _ySumaris disponibles en línia (Dialnet) |
| 942 |
_2udc _cSER _s1 |
||
| 999 |
_c6568 _d6568 |
||